Team song / (Record no. 284)

MARC details
000 -LEADER
fixed length control field 00971nam a22003137a 4500
001 - CONTROL NUMBER
control field 284
003 - CONTROL NUMBER IDENTIFIER
control field FISKH
005 - DATE AND TIME OF LATEST TRANSACTION
control field 20230316131153.0
008 - FIXED-LENGTH DATA ELEMENTS--GENERAL INFORMATION
fixed length control field 230316b cb ||||| |||| 00| 0 eng d
040 ## - CATALOGING SOURCE
Original cataloging agency FISKH
Language of cataloging eng
Transcribing agency FISKH
Modifying agency FISKH
050 ## - LIBRARY OF CONGRESS CALL NUMBER
Classification number PZ7
082 ## - DEWEY DECIMAL CLASSIFICATION NUMBER
Classification number 823.3
100 ## - MAIN ENTRY--PERSONAL NAME
Personal name Odgers, Sally Farrell
Dates associated with a name 1957-
245 ## - TITLE STATEMENT
Title Team song /
Statement of responsibility, etc. by Sally Odgers illustrated by Mat Lin.
260 ## - PUBLICATION, DISTRIBUTION, ETC.
Place of publication, distribution, etc. Singapore
Name of publisher, distributor, etc. Scholastic
Date of publication, distribution, etc. 2009
300 ## - PHYSICAL DESCRIPTION
Extent 61 p.
Dimensions 19 cm.
490 ## - SERIES STATEMENT
Series statement Space Sports
490 ## - SERIES STATEMENT
Series statement Out of this world
505 ## - FORMATTED CONTENTS NOTE
Formatted contents note N
520 ## - SUMMARY, ETC.
Summary, etc. Jenna is a gun 3D player. Her twin brother Jaff just wants to make music together - and they just got their big break. Sport or music? It's a tough call.
521 8# - TARGET AUDIENCE NOTE
Target audience note 700 <br/><br/>
Source Lexile
521 8# - TARGET AUDIENCE NOTE
Target audience note N <br/>
Source Raz-Plus
650 ## - SUBJECT ADDED ENTRY--TOPICAL TERM
Topical term or geographic name entry element Interplanetary voyages
Form subdivision Juvenile Fiction
700 ## - ADDED ENTRY--PERSONAL NAME
Personal name Lin, Matt
800 ## - SERIES ADDED ENTRY--PERSONAL NAME
Personal name Odgers, Sally Farrell
Dates associated with a name 1957-
830 ## - SERIES ADDED ENTRY--UNIFORM TITLE
Uniform title Out of this world
830 ## - SERIES ADDED ENTRY--UNIFORM TITLE
Uniform title Space sports
942 ## - ADDED ENTRY ELEMENTS (KOHA)
Source of classification or shelving scheme Dewey Decimal Classification
Koha item type Books
Suppress in OPAC No
Holdings
Withdrawn status Lost status Source of classification or shelving scheme Damaged status Not for loan Collection Home library Current library Shelving location Date acquired Total Checkouts Full call number Barcode Date last seen Date last checked out Copy number Price effective from Koha item type
    Dewey Decimal Classification     Juvenile Fiction Footprints International School Library Network Toul Kork Campus Footprints International School Library Network Toul Kork Campus   03/16/2023 1 ODG 823.3 PZ7 2023-0022 12/20/2024 09/13/2024 1 03/16/2023 Books
    Dewey Decimal Classification     Juvenile Fiction Footprints International School Library Network Toul Kork Campus Footprints International School Library Network Toul Kork Campus   03/16/2023 1 ODG 823.3 PZ7 2023-0033 10/03/2025 09/12/2025 2 03/16/2023 Books